000
00273 a2200097 4500
020
_a
9789393003072
100
_a
Jessy Narayanan
245
_a
Maanthrika aithihyamaala(മാന്ത്രിക ഐതിഹ്യമാല)
260
_b
Manorama books
_c
2022
942
_c
OO
999
_c
116152
_d
116151